| 000 | 00965nam a2200301Ia 4500 | ||
|---|---|---|---|
| 003 | OSt | ||
| 005 | 20220928114219.0 | ||
| 006 | a|||||r|||| 00| 0 | ||
| 007 | ta | ||
| 008 | 220927b |||||||| |||| 00| 0 eng d | ||
| 020 | _cUSD 82.95 | ||
| 024 | _a145086 | ||
| 037 |
_b741, 25/02/2021, Sunrise Books _cTextual |
||
| 040 |
_aSDCL _cSDCL _beng |
||
| 041 |
_2eng _aeng |
||
| 082 | _aS4:86, Q6 | ||
| 100 |
_aKrupa Terry _9437525 |
||
| 245 | 0 |
_aPsychosocial frames of reference _b theories , models and approaches for occupation - based practice |
|
| 250 | _a4th | ||
| 260 |
_aThorofare _bSlack incorporated _c2016 |
||
| 300 |
_aviii,313p. _ccm. |
||
| 650 | _aPsychology | ||
| 700 |
_a Fossey Ellie _9437526 |
||
| 700 |
_a Krish Bonnie _9437527 |
||
| 700 |
_a Pitts Deborah _9437528 |
||
| 942 |
_hS4:86, Q6 _cTEXL _2CC |
||
| 999 |
_c753448 _d753448 |
||